[Event "Mistrzostwa Polski Seniorow oraz Osob Ni"]
[Site "WZW "]
[Date "2013.09.30"]
[Round "1.2"]
[White "Kaczorowski, Piotr"]
[Black "Niecko, Stanislaw"]
[Result "1-0"]
[WhiteElo "2063"]
[BlackElo "1817"]
[PlyCount "53"]
[EventDate "2013.??.??"]

1. Nf3 Nf6 2. g3 g6 3. Bg2 Bg7 4. O-O O-O 5. c4 c5 6. d4 cxd4 7. Nxd4 Nc6 8.
Nc3 Nxd4 9. Qxd4 d6 10. Qd3 a6 11. b3 Qc7 12. h3 Bd7 13. e4 Bc6 14. Be3 Nd7 15.
Rac1 Nc5 16. Qc2 f5 17. Nd5 Bxd5 18. exd5 h6 19. Rfe1 Rf7 20. b4 Nd7 21. c5 Kh7
22. a4 a5 23. c6 bxc6 24. dxc6 Nb6 25. bxa5 Nc8 26. Qb3 Rf8 27. Bb6 1-0

[Event "Mistrzostwa Polski Seniorow oraz Osob Ni"]
[Site "WZW "]
[Date "2013.09.30"]
[Round "1.4"]
[White "Wojcieszyn, Zdzislaw"]
[Black "Rychlik, Bogdan"]
[Result "1/2-1/2"]
[WhiteElo "2005"]
[BlackElo "1780"]
[PlyCount "43"]
[EventDate "2013.??.??"]

1. c4 Nf6 2. Nc3 d5 3. cxd5 Nxd5 4. Nf3 g6 5. g3 Bg7 6. Bg2 c6 7. O-O O-O 8. e4
Nxc3 9. bxc3 Nd7 10. d4 c5 11. e5 e6 12. Be3 Qc7 13. Ng5 Rb8 14. Ne4 b6 15. Nd6
Ba6 16. Re1 h6 17. Qa4 Bd3 18. Rad1 b5 19. Qa6 cxd4 20. cxd4 Bc4 21. Rc1 Qb6
22. Qa3 1/2-1/2

[Event "Mistrzostwa Polski Seniorow oraz Osob Ni"]
[Site "WZW "]
[Date "2013.09.30"]
[Round "1.6"]
[White "Kosny, Marek"]
[Black "Feliksinski, Tadeusz"]
[Result "1/2-1/2"]
[WhiteElo "1961"]
[BlackElo "1713"]
[PlyCount "52"]
[EventDate "2013.??.??"]

1. Nf3 d5 2. d4 Nf6 3. c4 e6 4. Nc3 Be7 5. Bg5 c6 6. e3 O-O 7. Bd3 h6 8. Bh4
dxc4 9. Bxc4 Nd5 10. Bg3 Nd7 11. O-O N7f6 12. Qc2 Bd6 13. a3 Bxg3 14. hxg3 Nxc3
15. bxc3 b5 16. Ba2 Bb7 17. Ne5 Qe7 18. Nd3 Rac8 19. Bb1 g6 20. a4 a6 21. Nc5
Rc7 22. Qb3 Kg7 23. Bd3 Nd7 24. Nxd7 Rxd7 25. axb5 axb5 26. Be4 Rc7 1/2-1/2

[Event "Mistrzostwa Polski Seniorow oraz Osob Ni"]
[Site "WZW "]
[Date "2013.09.30"]
[Round "1.8"]
[White "Rusin, Ryszard"]
[Black "Nowak, Adam"]
[Result "1-0"]
[WhiteElo "1898"]
[BlackElo "1399"]
[PlyCount "65"]
[EventDate "2013.??.??"]

1. d4 Nf6 2. c4 g6 3. Nc3 d5 4. Nf3 Bg7 5. Bf4 O-O 6. h3 c5 7. e3 cxd4 8. exd4
Qa5 9. Qb3 Be6 10. Be2 dxc4 11. Bxc4 Bxc4 12. Qxc4 Nbd7 13. O-O Rac8 14. Qb3
Nb6 15. Bd2 Nc4 16. Bf4 Nxb2 17. Qxb2 Qxc3 18. Qxb7 Qa3 19. Rfb1 Rc2 20. Rb3
Qa5 21. a4 Qf5 22. Be5 Ne4 23. Bxg7 Kxg7 24. Rf1 Ra2 25. Re3 Nd2 26. Nxd2 Rxd2
27. Qxa7 Qd5 28. Rxe7 Rxd4 29. Rfe1 Ra8 30. Rxf7+ Qxf7 31. Qxd4+ Kg8 32. a5 Rc8
33. a6 1-0

[Event "Mistrzostwa Polski Seniorow oraz Osob Ni"]
[Site "WZW "]
[Date "2013.09.30"]
[Round "1.9"]
[White "Grabarczyk, Edmund"]
[Black "Majewski, Stanislaw"]
[Result "0-1"]
[WhiteElo "1394"]
[BlackElo "1842"]
[PlyCount "40"]
[EventDate "2013.??.??"]

1. e4 c5 2. Nf3 d6 3. d4 cxd4 4. Nxd4 a6 5. Nc3 e5 6. Nb3 Be6 7. Bd3 Nd7 8. Be3
Ngf6 9. O-O Be7 10. f4 exf4 11. Bxf4 Ne5 12. Be2 O-O 13. Nd4 Bd7 14. Kh1 Rc8
15. Rb1 b5 16. Nf3 Rxc3 17. bxc3 Nxe4 18. Nxe5 dxe5 19. Bxe5 Be6 20. Qxd8 Bxd8
0-1

[Event "Mistrzostwa Polski Seniorow oraz Osob Ni"]
[Site "WZW "]
[Date "2013.09.30"]
[Round "1.3"]
[White "Santura, Janusz"]
[Black "Hucz, Alfred"]
[Result "1/2-1/2"]
[WhiteElo "1807"]
[BlackElo "2031"]
[PlyCount "32"]
[EventDate "2013.??.??"]

1. d4 Nf6 2. Nf3 g6 3. c4 Bg7 4. Nc3 O-O 5. e4 d6 6. Be2 c5 7. d5 e6 8. O-O
exd5 9. exd5 Re8 10. Bg5 h6 11. Bh4 Na6 12. h3 Nc7 13. Re1 g5 14. Bg3 Bf5 15.
Qb3 b6 16. Nd1 Ne4 1/2-1/2

[Event "Mistrzostwa Polski Seniorow oraz Osob Ni"]
[Site "WZW "]
[Date "2013.09.30"]
[Round "1.1"]
[White "Solek, Zenon"]
[Black "Gasik, Piotr"]
[Result "0-1"]
[WhiteElo "1820"]
[BlackElo "2143"]
[PlyCount "69"]
[EventDate "2013.??.??"]

1. e4 Nf6 2. e5 Nd5 3. Nc3 Nxc3 4. dxc3 d6 5. Bf4 Nc6 6. Nf3 Bg4 7. Bb5 a6 8.
Ba4 e6 9. h3 Bh5 10. g4 Bg6 11. Nd4 Qd7 12. Nxc6 Be4 13. Qd4 Bxc6 14. Bxc6 Qxc6
15. O-O-O d5 16. Be3 Qb5 17. Qd3 Be7 18. f4 O-O-O 19. Qxb5 axb5 20. b4 Kd7 21.
Kb2 Ra8 22. g5 Ra6 23. f5 Rha8 24. fxe6+ Kxe6 25. Ra1 Ra3 26. Rhe1 b6 27. h4 c5
28. Bd2 R8a4 29. Rf1 Bd8 30. Rf4 Bc7 31. bxc5 bxc5 32. Be3 d4 33. Bxd4 cxd4 34.
cxd4 Ba5 35. c4 0-1

[Event "Mistrzostwa Polski Seniorow oraz Osob Ni"]
[Site "WZW "]
[Date "2013.09.30"]
[Round "1.7"]
[White "Kondrusik, Aleksander"]
[Black "Lada, Ireneusz"]
[Result "0-1"]
[WhiteElo "1530"]
[BlackElo "1933"]
[PlyCount "58"]
[EventDate "2013.??.??"]

1. e4 c6 2. d4 d5 3. Nc3 dxe4 4. Nxe4 Nf6 5. Nxf6+ gxf6 6. Nf3 Bf5 7. g3 Qd7 8.
Be3 Na6 9. c3 Nc7 10. Bg2 Bh3 11. Bf1 Bxf1 12. Rxf1 Qd5 13. Qe2 e6 14. Nd2
O-O-O 15. Nb3 h5 16. f3 h4 17. O-O-O hxg3 18. hxg3 Bd6 19. c4 Qf5 20. g4 Qg6
21. f4 Rdg8 22. c5 Be7 23. Rg1 Qe4 24. Nd2 Qd5 25. b3 Nb5 26. Qc4 Rh3 27. Rde1
Rd8 28. Qxd5 Rxd5 29. f5 Kd7 0-1

[Event "Mistrzostwa Polski Seniorow oraz Osob Ni"]
[Site "WZW "]
[Date "2013.09.30"]
[Round "1.5"]
[White "Muc, Zbigniew"]
[Black "Kawula, Andrzej"]
[Result "0-1"]
[WhiteElo "1743"]
[BlackElo "1990"]
[PlyCount "56"]
[EventDate "2013.??.??"]

1. e4 e6 2. d4 d5 3. e5 c5 4. Nf3 cxd4 5. Nxd4 Nc6 6. Bb5 Bd7 7. Bxc6 bxc6 8.
O-O c5 9. Nf3 Ne7 10. Nc3 Ng6 11. Qe2 Rb8 12. Rd1 Qc7 13. a4 Be7 14. b3 O-O 15.
g3 f6 16. exf6 Bxf6 17. Bd2 Rbe8 18. Rab1 Bc6 19. Nb5 Qd7 20. Bc1 a6 21. Na3 d4
22. c4 e5 23. Nd2 e4 24. Qh5 Re5 25. Qe2 e3 26. Nf3 Nf4 27. gxf4 Qg4+ 28. Kf1
Bxf3 0-1